International market entry strategies. (Record no. 558)

000 -LEADER
fixed length control field 00928 am a2200313 i 4500
003 - CONTROL NUMBER IDENTIFIER
control field ALUPE UNHF
005 - DATE AND TIME OF LATEST TRANSACTION
control field 20210615101849.0
008 - FIXED-LENGTH DATA ELEMENTS--GENERAL INFORMATION
fixed length control field 150901t20132013onca b 001 0 eng d
020 ## - INTERNATIONAL STANDARD BOOK NUMBER
International Standard Book Number 9781894566476
040 ## - CATALOGING SOURCE
Transcribing agency ALUPE UN
050 ## - LIBRARY OF CONGRESS CALL NUMBER
Classification number HF 1009.5
Item number .F67 2013
090 ## - LOCALLY ASSIGNED LC-TYPE CALL NUMBER (OCLC); LOCAL CALL NUMBER (RLIN)
Classification number (OCLC) (R) ; Classification number, CALL (RLIN) (NR) 658.84 INT
Local cutter number (OCLC) ; Book number/undivided call number, CALL (RLIN) AEVC
245 00 - TITLE STATEMENT
Title International market entry strategies.
250 ## - EDITION STATEMENT
Edition statement Sixth edition
264 #1 - PRODUCTION, PUBLICATION, DISTRIBUTION, MANUFACTURE, AND COPYRIGHT NOTICE
Place of production, publication, distribution, manufacture [Ottawa]:
Name of producer, publisher, distributor, manufacturer FITT,
Date of production, publication, distribution, manufacture, or copyright notice [2013]
264 #4 - PRODUCTION, PUBLICATION, DISTRIBUTION, MANUFACTURE, AND COPYRIGHT NOTICE
Date of production, publication, distribution, manufacture, or copyright notice ©2013
300 ## - PHYSICAL DESCRIPTION
Extent 278 pages :
Other physical details color illustrations ;
Dimensions 23 cm
336 ## - CONTENT TYPE
Content type term text
Content type code txt
Source rdacontent
337 ## - MEDIA TYPE
Media type term unmediated
Media type code n
Source rdamedia
338 ## - CARRIER TYPE
Carrier type term volume
Carrier type code nc
Source rdacarrier
504 ## - BIBLIOGRAPHY, ETC. NOTE
Bibliography, etc. note Includes bibliographical references and index.
650 #0 - SUBJECT ADDED ENTRY--TOPICAL TERM
Topical term or geographic name entry element Export marketing
Form subdivision Textbooks.
650 #0 - SUBJECT ADDED ENTRY--TOPICAL TERM
Topical term or geographic name entry element Marketing
Form subdivision Textbooks.
710 2# - ADDED ENTRY--CORPORATE NAME
Corporate name or jurisdiction name as entry element Forum for International Trade Training.
942 ## - ADDED ENTRY ELEMENTS (KOHA)
Source of classification or shelving scheme
Koha item type Book
Suppress in OPAC DO
Holdings
Withdrawn status Lost status Source of classification or shelving scheme Damaged status Not for loan Permanent Location Current Location Shelving location Date acquired Total Checkouts Full call number Barcode Date last seen Copy number Price effective from Koha item type Public note
          AU LIBRARY AU LIBRARY Open Shelf 15.06.2021   HF 1009.5 .F67 2013 C1 28001270 15.06.2021 1 15.06.2021 Book DO
          AU LIBRARY AU LIBRARY Open Shelf 15.06.2021   HF 1009.5 .F67 2013 C2 28001271 15.06.2021 2 15.06.2021 Book DO

Powered by Koha